000 00921nam a22002537a 4500
999 _c161891
_d161891
005 20190807122937.0
010 _a1819CHEN B-717411-431
020 _a9789381607510
_c199.00
035 _aB-717411-431
035 _aB-728520
037 _bPragati Publications
082 _aS
100 _aDickens, Charles
245 _aA tale of two cities /
_cby Charles Dickens; adapted by Subhojit Sanyal
260 _aNew Delhi
_bOm Kidz
_c2018(repr.)
270 _a107, Ansari Road, Darya Ganj
_bNew Delhi
_e110002
300 _a240p.:
_bill.
_c20cm(Hb)
490 _aOm illustrated classics
500 _aAirport
700 _aSanyal,Subhojit
942 _2ddc
_cCH
_mDIC
_hS